| 000 | 01334 a2200205 4500 | ||
|---|---|---|---|
| 001 | 31415 | ||
| 005 | 20260407155619.0 | ||
| 008 | 260407a1978 arg spa d | ||
| 003 | AR-UNSa-BCEJYS | ||
| 040 |
_aAR-UNSa-BCEJYS _bspa _cAR-UNSa-BCEJYS |
||
| 080 |
_a657 _xContabilidad |
||
| 245 | 1 | 0 | _aManual de contabilidad para empresas |
| 264 | 1 |
_aBuenos Aires : _bCangallo _c1978 |
|
| 300 |
_a332 p. _c23 cm. |
||
| 505 | _a1. El nacimiento de una empresa - 2. Algunas referencias sobre la organización contable de la empresa - 3. El desarrollo contable de la empresa - 4. El desarrollo de un balance general - 5. Los balances y la incidencia de la inflación - 6. Vinculaciones entre sociedades - 7. Las sociedades accidentales o en participación - 8. Fusión de empresas - 9. Transformación de sociedades - 10. El ejercicio profesional del contador público y sus vinculaciones con la sindicatura y dirección de las sociedades de capital - 11. El beneficio empresario. Atribución a directores, administradores, etc. - 12. La resolución parcial de las sociedades. El alejamiento de socios - 13. La disolución y liquidación total de sociedades comerciales - 14. El caso de liquidación de una sociedad comercial | ||
| 041 | _aspa | ||
| 942 | _cBK | ||
| 590 | _aniveau_biblio:m niveau_hierar:0 | ||
| 100 | 1 | _aChalupowicz, Israel | |
| 999 |
_c2173 _d2173 |
||